000 00573nam a2200133 a 4500
008 080917s1996 ||||||||||||||||| || u
050 _aTHESIS/STUDENT
100 _aMwape, Mutinta Maambo
245 1 0 _aPendeni Children Home
260 _aKitwe
_bCopperbelt University School of Built Environment, Department of Architecture
_c1996
350 _a0.00
650 _aARCHITECTURAL DESIGN--EVALUATION
995 _D0.00
_FCBU-MAIN LIBRARY (Kitwe)
_H1
_I0.00
_M1
_UAVAILABLE
_WSep 17, 2008
_ZUniversity Collection
999 _c53262
_d53262